| 000 | 00377nam a22001337a 4500 | ||
|---|---|---|---|
| 040 | _cNUST | ||
| 082 |
_a629.133 _bMOD |
||
| 100 |
_aForenz, Thomas _9118663 |
||
| 245 |
_aHelicopter Aerodynamics Structure and Systems : _bModule 12 / _cThomas Forenz |
||
| 260 |
_aUnited States : _bAircraft Technical Book Company; _c2016. |
||
| 300 | _a414p. | ||
| 521 | _bHB | ||
| 942 |
_2ddc _cBK |
||
| 999 |
_c606846 _d606846 |
||